| 000 | 00868cab a2200265 4500 | ||
|---|---|---|---|
| 001 | ABS53868 | ||
| 008 | 090401t1995 xxu||||| |||| 00| 0 eng d | ||
| 035 | _a(Sirsi) u7030 | ||
| 041 | _aeng | ||
| 100 | _aFyson, T. | ||
| 245 | _aPartners ease way to regeneration | ||
| 260 | _c1995 | ||
| 350 | _a0 | ||
| 490 |
_aHA Weekly _v(432) 13 October 1995, 15-17(3) |
||
| 520 | _aDiscusses how partnerships between local authority and private sector have brought substantial improvements to four run-down Scottish estates, according to independent studies commissioned by the Scottish Office. | ||
| 650 | _aCASTLEMILK | ||
| 650 | _aCOMMUNITY AND BUSINESS PARTNERSHIPS | ||
| 650 | _aHOUSING ESTATES | ||
| 650 | _aPROGRAMME FOR PARTNERSHIP | ||
| 650 | _aSCOTLAND | ||
| 650 | _aURBAN REGENERATION | ||
| 690 | _aURBAN RENEWAL | ||
| 942 | _n0 | ||
| 948 | _c04/03/1997 | ||
| 999 |
_c4188 _d4188 |
||